[Event "Ceske Budejovice op-A"]
[Site "Ceske Budejovice"]
[Date "2023.07.05"]
[Round "5"]
[White "Borkovec, Milan"]
[Black "Slaby, Matej"]
[Result "1-0"]
[WhiteElo "2156"]
[BlackElo "1916"]
[PlyCount "68"]
[EventDate "2023.07.01"]
[EventType "swiss"]
[EventRounds "9"]
[EventCountry "CZE"]
[SourceTitle "CBM 215 Extra"]
[Source "ChessBase"]
[SourceDate "2023.09.30"]
[SourceVersion "1"]
[SourceVersionDate "2023.09.30"]
[SourceQuality "1"]

1. e4 Nc6 2. Nf3 Nf6 3. e5 Ng4 4. d4 d6 5. h3 Nh6 6. Nc3 a6 7. Bg5 Bf5 8. Nh4 Bg6 9. f4 dxe5 10. Nxg6 hxg6 11. d5 Nb8 12. fxe5 Qd7 13. e6 fxe6 14. Bd3 Nf5 15. g4 Qd6 16. Qf3 Qe5+ 17. Kf2 Nd6 18. Bxg6+ Kd8 19. h4 exd5 20. Rad1 c6 21. Nxd5 Nd7 22. Kg2 cxd5 23. Rxd5 Qe6 24. Bf5 Nxf5 25. gxf5 Qc6 26. Rhd1 Ke8 27. Rxd7 Rc8 28. Qxc6 Rxc6 29. Rxb7 Rxc2+ 30. Kf3 Kf7 31. Rdd7 Rg8 32. a3 Rc5 33. Ke4 g6 34. f6 Rc8 1-0

[Event "CZE-ch U16"]
[Site "Herlikovice"]
[Date "2021.10.25"]
[Round "3"]
[White "Slaby, Matej"]
[Black "Simunek, Jakub Simon"]
[Result "1/2-1/2"]
[WhiteElo "1468"]
[BlackElo "1801"]
[PlyCount "41"]
[EventDate "2021.10.23"]
[EventType "swiss"]
[EventRounds "9"]
[EventCountry "CZE"]
[SourceTitle "EXT 2023"]
[Source "ChessBase"]
[SourceDate "2022.10.05"]
[SourceVersion "1"]
[SourceVersionDate "2022.10.05"]
[SourceQuality "1"]

1. Nf3 Nf6 2. c4 c5 3. g3 g6 4. Bg2 Bg7 5. 0-0 0-0 6. e3 Nc6 7. Nc3 d6 8. b3 Bf5 9. a3 a6 10. Bb2 Qc7 11. d4 Rfb8 12. dxc5 dxc5 13. Qe2 Rd8 14. Rfd1 Rxd1+ 15. Rxd1 Rd8 16. Nd5 Nxd5 17. cxd5 Ne5 18. Nxe5 Bxe5 19. Bxe5 Qxe5 20. d6 Be4 21. dxe7 1/2-1/2

[Event "CZE-ch Betsys Online Blitz"]
[Site "Chess.com INT"]
[Date "2021.04.17"]
[Round "1"]
[White "Slaby, Matej"]
[Black "Kusa, Jakub"]
[Result "0-1"]
[WhiteElo "1345"]
[BlackElo "2336"]
[PlyCount "98"]
[EventDate "2021.04.17"]
[EventType "swiss (blitz)"]
[EventRounds "13"]
[EventCountry "CZE"]
[SourceTitle "CBM 201 Extra"]
[Source "ChessBase"]
[SourceDate "2021.05.31"]
[SourceVersion "1"]
[SourceVersionDate "2021.05.31"]
[SourceQuality "1"]

1. Nf3 Nf6 2. c4 g6 3. g3 Bg7 4. Bg2 0-0 5. Nc3 d6 6. 0-0 c6 7. d4 Bf5 8. Re1 Ne4 9. Nh4 Nxc3 10. bxc3 Be6 11. Qd3 d5 12. cxd5 cxd5 13. e4 dxe4 14. Bxe4 Nc6 15. Be3 Bd5 16. Rab1 Bxe4 17. Qxe4 Qd7 18. Bf4 e6 19. Nf3 Rac8 20. Rec1 Rfd8 21. Ne5 Nxe5 22. Bxe5 b6 23. Bxg7 Kxg7 24. Qe5+ Kg8 25. Qe4 Qd5 26. Qxd5 Rxd5 27. Kf1 Ra5 28. Rb2 Kf8 29. Ke2 Ke7 30. Kd3 Ra3 31. Rbc2 Kd6 32. Ke4 b5 33. Kd3 Rc4 34. Rb2 a6 35. Rcc2 Kd5 36. Rb3 Rca4 37. Rxa3 Rxa3 38. Rb2 Kc6 39. Rc2 a5 40. Rb2 b4 41. Rb3 Rxa2 42. cxb4 axb4 43. Ke3 Kb5 44. Kf3 Kc4 45. Rb1 b3 46. Rc1+ Kd3 47. Rb1 b2 48. Re1 Ra1 49. Re3+ Kc4 0-1

[Event "CZE-ch Betsys Online Blitz"]
[Site "Chess.com INT"]
[Date "2021.04.17"]
[Round "8"]
[White "Slaby, Matej"]
[Black "Sulc, Jaromir"]
[Result "1/2-1/2"]
[WhiteElo "1345"]
[BlackElo "2059"]
[PlyCount "81"]
[EventDate "2021.04.17"]
[EventType "swiss (blitz)"]
[EventRounds "13"]
[EventCountry "CZE"]
[SourceTitle "CBM 201 Extra"]
[Source "ChessBase"]
[SourceDate "2021.05.31"]
[SourceVersion "1"]
[SourceVersionDate "2021.05.31"]
[SourceQuality "1"]

1. Nf3 Nf6 2. d4 d5 3. e3 Bf5 4. b3 e6 5. Bb2 Nc6 6. a3 h6 7. Nbd2 Bd6 8. Be2 0-0 9. 0-0 Re8 10. c4 Ne4 11. Ne5 Ne7 12. f4 c6 13. Nxe4 Bxe4 14. c5 Bc7 15. b4 f6 16. Nf3 Ng6 17. Bd3 f5 18. Ne5 Qf6 19. Bxe4 fxe4 20. Qh5 Nxe5 21. fxe5 Qe7 22. Qg6 Rf8 23. Rae1 a5 24. Re2 axb4 25. axb4 Rxf1+ 26. Kxf1 Rf8+ 27. Rf2 Rxf2+ 28. Kxf2 Qf7+ 29. Qxf7+ Kxf7 30. g4 Kg6 31. Kg3 h5 32. h4 hxg4 33. Kxg4 Bd8 34. h5+ Kh6 35. Bc3 b6 36. Be1 b5 37. Bg3 g5 38. hxg6 Kxg6 39. Bh4 Bxh4 40. Kxh4 Kf5 41. Kh5 1/2-1/2